Регионална библиотека "Любен Каравелов" - Русе

Театърът на границата на ХХ и ХХІ век (Запис номер 78034)

MARC детайли
000 -Лидер
Контролно поле с фиксирана дължина 01371nam a2200385 c 4500
003 - Код на организацията, давaща контролен номер
Контролно поле BLK
005 - Дата и час на последна редакция
Контролно поле 20181002125726.0
008 - Елементи от данни с фиксирана дължина
fixed length control field 180408b bul|||||r ||||||| ||bul||
010 ## - Наследен системен номер
LC control number KNG00082499000
020 ## - Международен стандартен номер на книга ISBN
Международен стандартен номер на книга ISBN 978-954-9985-22-1
-- издат.: Фигура
040 ## - Източник на каталожния запис
Идентификатор на билиотеката - собственик на записа BLK
041 ## - Код за език
Код за езика на текст/звукозапис или на отделно заглавие Български
Код за езика КДБФ Български
080 ## - УДК
Текстов определител УДК Теория и естетика на театъра и сцената, режисура
УДК код - определител по УДК 792.01
УДК определител
УДК - код + определител 792.01
100 1# - Редна дума - Автор
Автор Николова, Камелия Николова
Авторска отговорност първи автор
R(LIN) 367927
139 ## - Редно поле
Редна дума Николова, Камелия Николова
Авторски знак Николова - Н 75
245 10 - Сведения за заглавието
Заглавие Театърът на границата на ХХ и ХХІ век
Редно поле (дума) Камелия Николова Николова.
257 ## - Страна на издаване
Страна на създаване/издаване България
260 ## - Област на издателските данни
-- София
Име на издателя, разпространителя и проч. Фигура
Година на издаване 2007
300 ## - Физическа характеристика
Страници 274 с.
Илюстрации и др. с ил.
Размери/Мащаб 21 см
380 ## - Жанр
Жанр Изкуство
500 ## - Общи забележки
Забележка Офс. изд. - Библиогр. под линия.
504 ## - Забележка за наличие на библиография и др
Забележка за наличие на библиография и под. под линия
590 ## - Забележки на библиотеката, притежаваща документа (RLIN)
Служебно ф
650 #4 - Допълнително описание по предмет – тема
Основно описание – тема или топоним Театър - теория и естетика
9 (RLIN) 263814
653 ## - Ключова дума – ненормативна
Ключова дума театър
653 ## - Ключова дума – ненормативна
Ключова дума ХХ в.
653 ## - Ключова дума – ненормативна
Ключова дума ХХІ в.
653 ## - Ключова дума – ненормативна
Ключова дума театрознанание
653 ## - Ключова дума – ненормативна
Ключова дума театрална критика
852 ## - Местоположение
Форматна сигнатура Цб 239109
856 4# - Електронен адрес и достъп
Електронен формат pdf - файл
Път до файла /url/
856 4# - Електронен адрес и достъп
Електронен формат pdf - файл
Път до файла /url/
942 ## - АРТИКУЛИ
Вид на библиотечния материал Книги
Скрит в OPAC Не
Koha issues (borrowed), all copies 1
944 ## - СЪЗДАВАНЕ И РЕДАКЦИЯ на ЗАПИСА
Създаване/Редакция Създаване
Дата на регистрацията/редакция 20.03.2008
Служител, извършил регистрацията/редакцията Людмила_Стоянова
944 ## - СЪЗДАВАНЕ И РЕДАКЦИЯ на ЗАПИСА
Създаване/Редакция Редакция
Дата на регистрацията/редакция 03.07.2009
Служител, извършил регистрацията/редакцията
999 ## - СИСТЕМНИ КОНТРОЛНИ НОМЕРА
Koha biblionumber 78034
Koha biblioitemnumber 78034
Наличности
Код за отписване Код за изгубен артикул Източник на класификационната схема Код за повреда Коз за рестрикции Код за отдаване Артикулен № Име на библиотеката - собственик Име на библиотеката, в която се намира в момента Статус (Текущо местоположение) Дата на вписване в системата Местоположение - отдел Цена в лева Инвентарен номер Систематично азбучна сигнатура Баркод Номер на екземпляра Цена в евро Служебна бележка Служебен тип на артикула
  Не е изгубен Universal Decimal Classification Не е повреден само за читалня ползва се в читалня 126348 Регионална библиотека "Любен Каравелов" Русе Регионална библиотека "Любен Каравелов" Русе Хранилище 2008-03-24 Хранилище 8.90 120000724714 Цб 239109 120000724714 1 4.55 Дост: Dp Вид: Д N: 5 Дата: 02.01.2008 Книги
  Не е изгубен Universal Decimal Classification Не е повреден без рестрикции заемане за дома 126349 Регионална библиотека "Любен Каравелов" Русе Регионална библиотека "Любен Каравелов" Русе Отдел Изкуство - подръчен фонд 2008-09-26 Отдел Изкуство - подръчен фонд 9.46 120000729750 792/Н 75 120000729750 2 4.84 Дост: Pk Вид: Ф N: 8935 Дата: 24.09.2008 Дата инв: 18.06.2012 Бележки инв: * Книги
  Не е изгубен Universal Decimal Classification Не е повреден без рестрикции заемане за дома 126350 Регионална библиотека "Любен Каравелов" Русе Регионална библиотека "Любен Каравелов" Русе Отдел Изкуство - подръчен фонд 2009-06-29 Отдел Изкуство - подръчен фонд 8.90 120000736558 792/Н 75 120000736558 3 4.55 Дост: DA Вид: А N: 7 Дата: 29.06.2009 Дата инв: 05.04.2017 Бележки инв: ИП2017 Книги
Vip Innovations Ltd, Rousse, Bulgaria 2025